000 00753 a2200193 4500
010 _aENG-90132
020 _c200.00 (app)
035 _aEN-73665
037 _bDBAD / PUB
082 1 4 _a954.0842
090 _c12517
_d12517
111 1 _aNational seminar on the role of Muslims in the freedom movement of India
_cAligarh
_d2005
245 1 _aRole of muslims in the freedom movement of India:
_bseminar papers/
_cedited by Abdul Ali [and] Zafarul Islam
260 _aAligarh
_bInstitute of Islamic studies Aligarh Muslim University
_c2007
300 _aii, 235p.
_c22 cm. (Hb)
700 _aZafarul Islam
942 _adpl
_cEN
_k954.0842 / ROL
999 _c12157
_d12157